South Korean Province Flags - Statistics

General Stats
  • This quiz has been taken 84 times
  • The average score is 14 of 17
Answer Stats
Picture Hint Answer % Correct
Special City Seoul
97%
Metropolitan City Daegu
95%
Special Self-Governing Province Jeju
95%
Metropolitan City Busan
92%
Special Self-Governing City Sejong
92%
Metropolitan City Incheon
90%
Metropolitan City Daejeon
87%
Metropolitan City Ulsan
85%
Metropolitan City Gwangju
83%
Province Gyeonggi
83%
Province North Gyeongsang
72%
Province South Chungcheong
72%
Province South Gyeongsang
72%
Province North Chungcheong
70%
Province North Jeolla
70%
Province South Jeolla
70%
Province Gangwon
53%
No matching quizzes found
Score Distribution
Percent of People with Each Score
Percentile by Number Answered
Your Score History
You have not taken this quiz